| 000 | 00735nam a2200205 u 4500 | ||
|---|---|---|---|
| 005 | 20240924071532.0 | ||
| 008 | 090217s2007 mx r 000 0 spa d | ||
| 020 | _a9789703243118 (UNAM) | ||
| 020 | _a9789707227385 (Plaza y Valdés) | ||
| 035 | _aUPN01000169418 | ||
| 049 | _aCG | ||
| 050 | 4 |
_aLB2333 _bD6.2 |
|
| 245 | 0 | 0 |
_aDocentes y alumnos : _bperspectivas y prácticas / _ccoord. Concepción Barrón. |
| 260 |
_aMéxico : _bUNAM, Instituto de Investigaciones Económicas : _bPlaza y Valdés, _c2007. |
||
| 300 | _a210 p. | ||
| 650 | 4 |
_aMAESTROS UNIVERSITARIOS - _xCLASIFICACION - _zMEXICO _913172 |
|
| 650 | 4 |
_aMaestros _xFormación profesional _9804 |
|
| 700 | 1 |
_aBarrón de Morán, Concepción, _ecoord. _931630 |
|
| 905 | _aLibro | ||
| 999 |
_c141524 _d141524 |
||